Loading...
Current Events | 2 | 5.00 | 50% | 0% | 0% |
Fine Arts - Classical Music | 1 | 20.00 | 100% | 100% | 0% |
Fine Arts - Other Fine Arts | 6 | 11.67 | 83% | 33% | 0% |
Fine Arts - Painting and Sculpture | 2 | 10.00 | 100% | 0% | 0% |
Geography | 1 | 10.00 | 100% | 0% | 0% |
History - American History | 2 | 15.00 | 100% | 50% | 0% |
History - European History | 1 | 10.00 | 100% | 0% | 0% |
History - Other History | 3 | 16.67 | 100% | 33% | 33% |
History - World History | 5 | 14.00 | 100% | 40% | 0% |
Literature - Drama | 5 | 22.00 | 100% | 100% | 20% |
Literature - Long Fiction | 5 | 22.00 | 100% | 80% | 40% |
Literature - Misc Literature | 1 | 20.00 | 100% | 100% | 0% |
Literature - Poetry | 4 | 17.50 | 100% | 50% | 25% |
Literature - Short Fiction | 1 | 20.00 | 100% | 0% | 100% |
Mythology | 4 | 12.50 | 100% | 25% | 0% |
Other Academic | 4 | 12.50 | 100% | 25% | 0% |
Philosophy | 5 | 12.00 | 100% | 20% | 0% |
Religion | 3 | 10.00 | 100% | 0% | 0% |
Science - Biology | 1 | 0.00 | 0% | 0% | 0% |
Science - Chemistry | 4 | 12.50 | 100% | 25% | 0% |
Science - Other Science | 5 | 8.00 | 80% | 0% | 0% |
Science - Physics | 3 | 3.33 | 33% | 0% | 0% |
Social Science | 6 | 15.00 | 100% | 50% | 0% |